Lexique etymologique - Statistiques

Statistiques générales
  • Ce quiz a été pris 96 fois
  • Le résultat moyen est 14 sur 60
Statistiques - réponses
Préfixe/Suffixe/Radical Signification Type de quiz % Correct
Cardio Cœur Racine
83%
Micro Petit Préfixe
75%
Gastr(o) Estomac Racine
74%
Hémato, hémo Sang Préfixe
73%
Hétéro Différent, autre Préfixe
71%
Hydro Eau Racine
71%
Néo Nouveau Préfixe
65%
Gluc, glyc sucre Racine
65%
Cryo Froid Racine
64%
Hèm, hémato Sang Racine
63%
Nécr Mort Racine
60%
Post, postéro Après Préfixe
58%
Phage, phagie Manger, avaler Suffixes
58%
Tétra Quatre Préfixe
58%
Céphal Tête Racine
58%
Uro Urine Préfixe
57%
Gastre Ventre, estomac Suffixes
57%
Poly Beaucoup Préfixe
56%
Anti, anta Contre, opposé à … Préfixe
56%
Pathie Maladie, affection Suffixes
56%
Broncho Bronche Racine
54%
Rhino Nez Racine
53%
Endo, intra Dans, à l’intérieur de… Préfixe
52%
Hépato Foie Racine
50%
Sub Au-dessous, sous Préfixe
47%
Péri Autour Préfixe
47%
In Dans Préfixe
47%
Kinés(o) kinét(o) Mouvement Racine
47%
Nyct Nuit Racine
47%
Epi Sur, au-dessus Préfixe
47%
Mnésie Mémoire Suffixes
46%
Hémi D’une moitié, demi Préfixe
44%
Arthr (-) Articulation Racine
42%
Plégie Paralysie Suffixes
42%
Pnée Respiration Suffixes
42%
Ethyl Alcool Racine
41%
Névr Nerf Racine
41%
Hystér(o) Utérus Racine
40%
Vasculo - vas(o) Vaisseau Racine
40%
Bili Bile Racine
39%
My(o) Muscle Racine
39%
Calc(o) ou calcic(o) Calcium Racine
38%
Myco Champignon Racine
37%
Sepsie Infection Suffixes
37%
Mono Un seul Préfixe
36%
Adip Graisse Racine
33%
Méga, mégal Grand, augmentation de volume Préfixe
33%
Myél –médullo Moelle Racine
32%
Lipo Graisse Suffixes
31%
Gloss Langue Racine
31%
Logo Parole Racine
30%
Leuco Blanc Racine
29%
Rragie, rhée Ecoulement Suffixes
29%
Néphr(o) Rein Racine
29%
Algie, algésie Douleur Racine
27%
Cyte Cellule Suffixes
26%
Neuro / névro Nerf système nerveux Préfixe
25%
Angio Vaisseau Préfixe
25%
Ose Etat, maladie quelque chose qui se produit Suffixes
24%
Erythro Rouge Racine
24%
Olig Peu, en petite quantité Préfixe
23%
Pur, pyo Pus Racine
23%
Urie, urèse Etat de l’urine Suffixes
21%
Méso Milieu Préfixe
21%
Oste Os Suffixes
21%
Bio Vie Racine
21%
Cèle Cavité Suffixes
20%
Cervico Cou Racine
20%
Ite Inflammation Suffixes
20%
Oxie Oxygène Suffixes
20%
Homéo, homo Semblable Préfixe
20%
Logiste Spécialiste de Suffixes
20%
Nutr Nourriture Racine
19%
Phile Qui aime Suffixes
19%
Carcino Cancer Racine
18%
Ana Contraire de… avec renouveau Préfixe
18%
Dys Difficulté Préfixe
18%
Iso Semblable, égal Préfixe
18%
Phléb Veine Racine
18%
Splén Rate Racine
17%
Hist Tissu Racine
17%
Gon(o) Genou Racine
16%
Stase Arrêt Suffixes
15%
Cata Chute, dégradation Préfixe
15%
Pyr(o) – pyrét(o) Fièvre Racine
15%
Cox Hanche Racine
15%
Pariét Paroi Racine
15%
Per A travers, pendant Préfixe
14%
Hyper En excès, au-dessus de Préfixe
14%
Emie Etat du sang Suffixes
14%
Pollaki Souvent Préfixe
14%
Emèse, émet Vomissement Suffixes
14%
Tachy Accélération Préfixe
13%
Psycho Activité mentale Racine
13%
Lyse, lythique Destruction Suffixes
13%
Schyzo Division Racine
13%
Anté, antéro En avant Préfixe
13%
Stéat Graisse Racine
13%
Entér Intestin Racine
13%
Phasie Parole Suffixes
13%
Pelvi Petit bassin Racine
13%
Gramme Résultat d’examen Suffixes
13%
Rachid(o) Colonne vertébrale Racine
12%
Ectomie Ablation Suffixes
11%
Cholé Bile Racine
11%
Clin Lit Racine
11%
Cule, ule Petit, diminué Suffixes
11%
Méta Transformation Préfixe
11%
Thymie Humeur Racine
10%
Kali(o) Potassium Racine
10%
Thromb Caillot, thrombus, plaquettes Racine
9%
Dipso Soif Racine
9%
Sclérose Durcissement Suffixes
8%
Physio Naturel Racine
8%
Brady B Ralentissement Préfixe
8%
Ome Tumeur, Tuméfaction Suffixes
8%
Cholangio Voie Racine
8%
Para A côté, opposé à Préfixe
7%
Stoma Bouche Racine
7%
Ase Enzyme dégradant Suffixes
7%
Ec, ex Hors de … Préfixe
7%
Dé, des Séparé, hors de … Préfixe
7%
Sémio Signes, symptômes Racine
7%
Dipsie Soif Suffixes
7%
Cyst(o) Vessie Racine
7%
Pepsie Digestion Suffixes
6%
Extra En dehors Préfixe
6%
Graphie, graphe Enregistrement Suffixes
6%
Sthénie Force, vigueur Suffixes
6%
Géno – génit(o) Idée d’engendrer Racine
6%
Métrie Mesure de Suffixes
6%
Déonto Règle, morale Racine
6%
Copro Selles, excréments Racine
6%
Métro Utérus Racine
6%
Erèse ablation Suffixes
5%
Hypo Au-dessous Préfixe
5%
Esthésie Sensibilité Suffixes
5%
Cholecys Vésicule biliaire Racine
5%
Stomie Abouchement à la peau Suffixes
0%
A, an Absence de Préfixe
0%
Pyél(o) Bassinet Racine
0%
Thérapie Emploi thérapeutique de Suffixes
0%
Logie Etude de Suffixes
0%
Scopie Examen visuel Suffixes
0%
Sterco Excréments Racine
0%
Adén Ganglion lymphatique Racine
0%
Poïèse Idée de formation Suffixes
0%
In, im Idée de négation Préfixe
0%
Tomie Incision section de Suffixes
0%
Scope Instrument pour examiner Suffixes
0%
Topie Lieu, position Suffixes
0%
Eu Normal bien Préfixe
0%
Parésie Paralysie légère Suffixes
0%
Pénie Pénurie de, diminution Suffixes
0%
Trope Qui a une affinité Suffixes
0%
Leptique Qui calme Suffixes
0%
Sténo Rétrécissement Racine
0%
Natr(o) Sodium Racine
0%
Spondyl(o) Vertèbre Racine
0%
Aucun quiz correspondant
Distribution des résultats
% des personnes avec chaque résultat
Percentile par nombre de réponses
Votre historique - résultats
Vous n’avez pas pris ce quiz